PHYDICS PRACTICALS (Record no. 466593)

MARC details
000 -LEADER
fixed length control field 00365nam a2200145Ia 4500
008 - FIXED-LENGTH DATA ELEMENTS--GENERAL INFORMATION
fixed length control field 100204s9999 xx 000 0 und d
082 ## - DEWEY DECIMAL CLASSIFICATION NUMBER
Item number 21610
100 ## - MAIN ENTRY--PERSONAL NAME
Personal name BANGUI P. S. & OTHER
245 ## - TITLE STATEMENT
Title PHYDICS PRACTICALS
260 ## - PUBLICATION, DISTRIBUTION, ETC. (IMPRINT)
Name of publisher, distributor, etc "DDEEPAK PUBLICATION, SURAT"
Date of publication, distribution, etc 1985
300 ## - PHYSICAL DESCRIPTION
Extent 61
630 ## - SUBJECT ADDED ENTRY--UNIFORM TITLE
Uniform title PHYDICS PRACTICALS
730 ## - ADDED ENTRY--UNIFORM TITLE
Uniform title PHYDICS PRACTICALS
942 ## - ADDED ENTRY ELEMENTS (KOHA)
Koha item type Book
Holdings
Withdrawn status Lost status Damaged status Not for loan Home library Current library Date acquired Cost, normal purchase price Total Checkouts Full call number Barcode Date last seen Cost, replacement price Price effective from Koha item type
        N. C. Kelkar Sarvajanik Library, Mulund N. C. Kelkar Sarvajanik Library, Mulund 02/04/2010 10.00   21610 NCKMULUND-21610 02/04/2010 10.00 02/04/2010 Book